000 00979nam2a22002291 4500
001 rc\957700
005 20250621233636.0
035 _a(NLR Aleph) 005978880
090 _a7007438
_c7007438
100 _a20070321d1982 |||y0rusy50 ca
101 0 _arus
102 _aRU
105 _aa |||||||||
200 1 _aМетодика нормирования сварочных работ
210 _cБ. и.
_d1982
_aБ. м.
215 _a125 с.
_cил.
461 0 _1001rc\1161575
_12001#$aРуководство по нормированию труда в авиационной промышленности$fМ-во авиац. пром-сти СССР$vВып. 11
_97982483
_cМ.
_d1980
_fМ-во авиац. пром-сти СССР
_tРуководство по нормированию труда в авиационной промышленности
_vВып. 11
801 0 _aRU
_bNLR
_gpsbo
801 1 _aRU
_bELAR
_2rusmarc
852 _aNLR
_j77-5/2183
942 _cBOOK
980 _aNB